000 nam a22 a 4500
999 _c3934
_d3934
005 20170524124105.0
008 170524b1989 I ||||| |||| 00| 0 eng d
040 _aAKMAL
082 _a808.51 BRA
090 _a808.51
_bBRA
245 _aTHE COMPLETE PUBLIC SPEAKER
_cGYLES BRANDRETH
260 _aINDIA
_bSUDHA PUBLICATIONS
_c1989
300 _a128pg,;
_c20 cm
650 _aPUBLIC SPEAKING
_9488
942 _2ddc
_cBOOK